LEADER 00997nam a2200253 u 4500 001 000000009308 003 CaOOAMICUS 005 20070226105206.0 008 940516s1992 it u000 u ita u 035 $a10234743 040 $aPUL$bita 100 1 $aLilla, Salvatore,$d1936-$0(OLS)http://pul/name/9225 245 10$aIntroduzione al medio platonismo /$cSalvatore Lilla. 260 $aRoma :$bIstituto Patristico Augustinianum,$c1992. 300 $a193 p. ;$c22 cm 490 1 $aSussidi patristici ;$v6 650 4$aPlatonici.$0(OLS)http://pul/subject/1934 830 0$aSussidi patristici ;$v6.$0(OLS)http://pul/title/970 850 $aPUL 852 $aPUL$W1$xSL Religione 1$y3$m17 S 6$j13211$nBK-PRI$b $qStampati$B13211$CPULBib$Z2$F13211 $H $81 941 1 $a8 961 $aINV: 73167 996 $6245$aIntroduzione al medio platonismo$9(OLS)http://pul/title/13673 996 $6260$aRoma :$bIstituto Patristico Augustinianum$9(OLS)http://pul/publisher/48277 LEADER 01126nam a2200253 u 4500 001 000000064966 003 CaOOAMICUS 005 20070226121420.0 008 011127s1911 it u000 u ita u 035 $a10911699 040 $aPUL(R)$bita 100 1 $aRoyce, Josiah,$d1855-1916.$0(OLS)http://pul/name/8533 245 13$aLa filosofia della fedeltà /$cJosiah Royce ; traduzione dall'inglese e prefazione di Giuseppe Rensi. 260 $aBari :$bG. Laterza e figli,$c1911. 300 $axxiv, 263 p. ;$c20 cm 500 $aComprende indici. 650 4$aEtica.$0(OLS)http://pul/subject/547 700 1 $aRensi, Giuseppe,$d1871-1941.$0(OLS)http://pul/name/7270 850 $aPUL 852 $aPUL$W1$xDP2 Filosofia 1$y62$m88 C 24$j84159$nBK-PRI$b $qStampati$B84159$CPULBib$Z2$F84159 $81 852 $aPUL$W1$xDP1 Cons. Gen., Altre Classi 1$y22$m931 A 20$j174750$b2a copia$qStampati$B177305$CPULBib$Z2$F177305 $H18000 $81 941 1 $a8 996 $6245$aLa filosofia della fedeltà$9(OLS)http://pul/title/86488 996 $6260$aBari :$bG. Laterza e figli$9(OLS)http://pul/publisher/49929